| 000 | 00392nam a2200157Ia 4500 | ||
|---|---|---|---|
| 008 | 230718s9999 xx 000 0 und d | ||
| 041 | _aeng | ||
| 082 |
_a294.3378321 _bGOL |
||
| 100 |
_aGoleman D. _9106198 |
||
| 245 | _aHealing Emotions | ||
| 260 |
_c2000 _bShambhala |
||
| 300 | _a268 | ||
| 365 |
_cRs. _b195.00 |
||
| 700 |
_aGoleman D. _9106198 |
||
| 906 |
_dB:173109-Nov-2001 _cOTH _b29.25 |
||
| 999 |
_c302213 _d302213 |
||